[Event "ROW -team internal "]
[Site "SchemingMind.com"]
[Date "2004.08.29"]
[Round "-"]
[White "reptile"]
[Black "karelen"]
[Result "0-1"]
[WhiteCountry "ISR"]
[BlackCountry "SWE"]
[WhiteElo "1880"]
[WhiteRD "87"]
[BlackElo "2145"]
[BlackRD "102"]
[GameID "3579"]

1. d4 Nf6 2. c4 g6 3. Nf3 Bg7 4. g3 O-O 5. Bg2 d6 6. Nc3 Nbd7 7. O-O e5 8. e4 c6 9. h3 Qb6 10. Re1 exd4
11. Qxd4 Nc5 12. Qe3 Re8 13. Nd2 d5 14. e5 Nfd7 15. f4 Nxe5 16. Kh1 d4 17. Qg1 dxc3 18. bxc3 Ncd3 19. Re3 Nxc1 20. Rxc1 Rd8
21. c5 Qb2 22. Nb3 Nd3 23. Rb1 Qxa2 24. Nd4 Bxh3 25. Rxb7 Nf2+ 26. Kh2 Bxd4 27. cxd4 Bxg2
0-1

[Event "ROW -team internal "]
[Site "SchemingMind.com"]
[Date "2004.08.30"]
[Round "-"]
[White "Juan Jose Rivas Maceda"]
[Black "karelen"]
[Result "0-1"]
[WhiteCountry "PER"]
[BlackCountry "SWE"]
[WhiteElo "2030"]
[WhiteRD "98"]
[BlackElo "2119"]
[BlackRD "102"]
[GameID "3580"]

1. e4 d6 2. d4 Nf6 3. Nc3 g6 4. Nf3 Bg7 5. Be2 O-O 6. O-O Bg4 7. h3 Bxf3 8. Bxf3 Nc6 9. Ne2 e5 10. d5 Ne7
11. Qd3 Nd7 12. Be3 f5 13. Qb3 Nf6 14. Nc3 Qd7 15. Rad1 a6 16. Rfe1 fxe4 17. Nxe4 Nf5 18. Nxf6+ Bxf6 19. a3 Nxe3
0-1